000 00348nam a22001337a 4500
082 _a823
_bPRA/C
100 _aPRAN
245 _aCHACHA CHAUDHARY AND SABU'S CATAPULT
246 _aCHACHA CHAUDHARY AND SABU'S CATAPULT
_bCHACHA CHAUDHARY AND SABU'S CATAPULT
260 _aNEWDELHI
_bDIAMOND
300 _a45
650 _aENGLISH COMICS
942 _cBK
999 _c8649
_d8649